[Event "SRB-ch sf"]
[Site "Novi Banovci"]
[Date "2020.02.25"]
[Round "2"]
[White "Vasic, Vladimir"]
[Black "Gajcin, Sinisa"]
[Result "1-0"]
[WhiteElo "2187"]
[BlackElo "1733"]
[PlyCount "100"]
[EventDate "2020.02.24"]
[EventType "swiss"]
[EventRounds "9"]
[EventCountry "SRB"]
[SourceTitle "CBM 195 Extra"]
[Source "ChessBase"]
[SourceDate "2020.05.31"]
[SourceVersion "1"]
[SourceVersionDate "2020.05.31"]
[SourceQuality "1"]

1. e4 c5 2. Nf3 Nc6 3. d4 cxd4 4. Nxd4 g6 5. c4 Bg7 6. Be3 Nf6 7. Nc3 0-0 8. Be2 d6 9. h3 Bd7 10. 0-0 Nxd4 11. Bxd4 Bc6 12. Qd3 a5 13. b3 Nd7 14. Bxg7 Kxg7 15. Qd4+ Kg8 16. f4 Qb6 17. Rad1 f5 18. exf5 Qxd4+ 19. Rxd4 gxf5 20. Bf3 Bxf3 21. Rxf3 Nc5 22. Rg3+ Kh8 23. Re3 Rf7 24. Kf2 Rg8 25. Rd5 h5 26. Rg3 Rxg3 27. Kxg3 Kg7 28. Kf3 b6 29. Ne2 h4 30. g3 Ne4 31. gxh4 e6 32. Rd1 Kf6 33. h5 Rh7 34. Ng3 Nxg3 35. Kxg3 Ke7 36. Kh4 e5 37. Kg5 Rg7+ 38. Kxf5 Rf7+ 39. Kg5 Rxf4 40. h6 Rf3 41. h4 Rf7 42. h5 Ke8 43. Kg6 Rf6+ 44. Kg7 Ke7 45. h7 Rf7+ 46. Kg6 Rf6+ 47. Kg5 Rf8 48. h6 Ke6 49. Kg6 Ke7 50. Kg7 Rf1 1-0

[Event "Sombor Milicevic Memorial"]
[Site "Sombor"]
[Date "2019.10.11"]
[Round "2"]
[White "Gajcin, Sinisa"]
[Black "Vlahovic, Ljubo"]
[Result "0-1"]
[WhiteElo "1766"]
[BlackElo "1950"]
[PlyCount "71"]
[EventDate "2019.10.09"]
[EventType "swiss"]
[EventRounds "9"]
[EventCountry "SRB"]
[SourceTitle "CBM 192 Extra"]
[Source "Chessbase"]
[SourceDate "2019.11.06"]
[SourceVersion "1"]
[SourceVersionDate "2019.11.06"]
[SourceQuality "1"]

1. e4 c5 2. Nf3 Nc6 3. Bb5 a6 4. Bxc6 bxc6 5. 0-0 d6 6. d4 cxd4 7. Qxd4 Bg4 8. Qa4 Qd7 9. Nbd2 e5 10. c4 c5 11. Qc2 Nf6 12. Re1 Be7 13. b3 0-0 14. Qd3 Nh5 15. g3 Rad8 16. Nf1 f5 17. Qd5+ Kh8 18. Ng5 Bxg5 19. Bxg5 Nf6 20. Bxf6 Rxf6 21. f4 fxe4 22. Qxe4 exf4 23. Qe7 Qc8 24. Re4 Bf3 25. Rxf4 Re8 26. Rxf6 Rxe7 27. Rxf3 h6 28. Ne3 Qc6 29. Nd5 Re2 30. a4 Qe8 31. Raf1 Qh5 32. h4 Qg4 33. Nf4 Rb2 34. Nd5 Qh3 35. Rf8+ Kh7 36. R8f2 0-1

[Event "SRB-ch sf"]
[Site "Zrenjanin"]
[Date "2018.02.22"]
[Round "9"]
[White "Gajcin, Sinisa"]
[Black "Lazarevic, Dusan"]
[Result "0-1"]
[WhiteElo "1743"]
[BlackElo "1983"]
[PlyCount "130"]
[EventDate "2018.02.16"]
[EventType "swiss"]
[EventRounds "9"]
[EventCountry "SRB"]
[SourceTitle "CBM 183 Extra"]
[Source "ChessBase"]
[SourceDate "2018.04.19"]
[SourceVersion "1"]
[SourceVersionDate "2018.04.19"]
[SourceQuality "1"]

1. d4 g6 2. Nf3 Bg7 3. c4 c5 4. Nc3 cxd4 5. Nxd4 Nc6 6. Nxc6 bxc6 7. e4 Rb8 8. Qc2 d6 9. Bd3 Nf6 10. h3 0-0 11. 0-0 Nd7 12. Be3 Qc7 13. Rad1 Ne5 14. Be2 c5 15. b3 Nc6 16. Qd2 Re8 17. f4 Qa5 18. e5 Be6 19. Nb5 Qxd2 20. Rxd2 dxe5 21. Nc7 exf4 22. Bxc5 Rec8 23. Nxe6 fxe6 24. Bg4 e5 25. Bxc8 Rxc8 26. Rd7 Kf7 27. b4 Ke6 28. Rfd1 Bf6 29. Bxa7 Ra8 30. Bb6 Nxb4 31. a3 Rxa3 32. Bc5 Rb3 33. Rb7 Rd3 34. Rxd3 Nxd3 35. Ba3 e4 36. c5 Bd4+ 37. Kf1 Bxc5 38. Rb3 Bxa3 39. Rxa3 h5 40. h4 Kf5 41. Ke2 Ne5 42. Ra5 Kf6 43. Ra8 Ng4 44. Rf8+ Ke5 45. Rg8 Kf5 46. Rf8+ Nf6 47. Kf2 Kg4 48. Rf7 Kxh4 49. Rxe7 Kg4 50. Re6 Kf5 51. Ra6 Nd7 52. g3 Ne5 53. gxf4 Kxf4 54. Rf6+ Kg5 55. Rf8 Ng4+ 56. Kg3 Ne3 57. Re8 Nf5+ 58. Kg2 Kf4 59. Ra8 g5 60. Ra2 Ne3+ 61. Kh3 g4+ 62. Kh4 g3 63. Ra8 g2 64. Rf8+ Nf5+ 65. Kh3 g1Q 0-1

[Event "SRB-ch sf"]
[Site "Zrenjanin"]
[Date "2018.02.19"]
[Round "6"]
[White "Stankovic, Milos M"]
[Black "Gajcin, Sinisa"]
[Result "1-0"]
[WhiteElo "2038"]
[BlackElo "1743"]
[PlyCount "107"]
[EventDate "2018.02.16"]
[EventType "swiss"]
[EventRounds "9"]
[EventCountry "SRB"]
[SourceTitle "CBM 183 Extra"]
[Source "ChessBase"]
[SourceDate "2018.04.19"]
[SourceVersion "1"]
[SourceVersionDate "2018.04.19"]
[SourceQuality "1"]

1. d4 d5 2. c4 dxc4 3. Nf3 Nf6 4. g3 Nc6 5. Bg2 g6 6. Na3 e5 7. dxe5 Qxd1+ 8. Kxd1 Ng4 9. Ke1 Bb4+ 10. Bd2 Bxd2+ 11. Nxd2 Ngxe5 12. Ndxc4 Be6 13. Rc1 Bxc4 14. Nxc4 0-0-0 15. f4 Nxc4 16. Rxc4 Nd4 17. e3 Rhe8 18. e4 f6 19. Kf2 Nb5 20. Re1 Rd2+ 21. Re2 Rxe2+ 22. Kxe2 c6 23. a4 Nd6 24. Rd4 Kc7 25. Kd3 a6 26. Bh3 Re7 27. Bg2 b5 28. b3 c5 29. Rd5 c4+ 30. bxc4 bxc4+ 31. Kd4 Rd7 32. Bh3 f5 33. e5 Ne4 34. Rxd7+ Kxd7 35. Kxc4 Kc7 36. Bg2 Nf2 37. Bf3 Nh3 38. Bg2 Nf2 39. Bf3 h6 40. Kd5 Kd7 41. a5 Nd3 42. Be2 Nb4+ 43. Kc5 Nc6 44. Bxa6 Nxa5 45. Kb4 Nc6+ 46. Kc5 Nd8 47. Bc4 Ke7 48. Bd5 Kd7 49. Kb6 Ke7 50. Kc7 Ke8 51. Kd6 g5 52. e6 gxf4 53. gxf4 h5 54. e7 1-0

[Event "Sombor Milicevic Memorial"]
[Site "Sombor"]
[Date "2017.11.27"]
[Round "7"]
[White "Gajcin, Sinisa"]
[Black "Kolompar, Ivan"]
[Result "0-1"]
[WhiteElo "1684"]
[BlackElo "2099"]
[PlyCount "61"]
[EventDate "2017.11.13"]
[EventType "swiss"]
[EventRounds "9"]
[EventCountry "SRB"]
[SourceTitle "EXT 2019"]
[Source "ChessBase"]
[SourceDate "2018.10.10"]
[SourceVersion "1"]
[SourceVersionDate "2018.10.10"]
[SourceQuality "1"]

1. e4 c5 2. Nf3 Nc6 3. Bb5 e6 4. Bxc6 bxc6 5. 0-0 Qc7 6. c4 Ne7 7. Nc3 e5 8. d3 Ng6 9. Bg5 h6 10. Be3 Be7 11. Rb1 0-0 12. Ne2 f5 13. exf5 Rxf5 14. Ng3 Rf8 15. Qc2 Nf4 16. Rbe1 d6 17. Nd2 d5 18. Nb3 Ne6 19. Bd2 Ba6 20. Bc3 Bd6 21. Bd2 Rae8 22. Be3 e4 23. dxe4 Bxc4 24. Ne2 Bxh2+ 25. Kh1 Bd6 26. Nd2 Bxe2 27. Rxe2 d4 28. Bxh6 gxh6 29. e5 Nf4 30. exd6 Qg7 31. Rxe8 0-1

[Event "Sombor Milicevic Memorial"]
[Site "Sombor"]
[Date "2017.11.15"]
[Round "2"]
[White "Sijacic, Dusan"]
[Black "Gajcin, Sinisa"]
[Result "0-1"]
[WhiteElo "1504"]
[BlackElo "1684"]
[PlyCount "60"]
[EventDate "2017.11.13"]
[EventType "swiss"]
[EventRounds "9"]
[EventCountry "SRB"]
[SourceTitle "EXT 2019"]
[Source "ChessBase"]
[SourceDate "2018.10.10"]
[SourceVersion "1"]
[SourceVersionDate "2018.10.10"]
[SourceQuality "1"]

1. e4 c5 2. Nf3 Nc6 3. d4 cxd4 4. Nxd4 g6 5. Nc3 Bg7 6. Be3 Nf6 7. Bc4 0-0 8. 0-0 d6 9. f4 Qa5 10. f5 Nxd4 11. Bxd4 gxf5 12. exf5 Bd7 13. Nd5 Rae8 14. Nxf6+ exf6 15. Qg4 Kh8 16. c3 Bc6 17. b4 Qc7 18. Qh5 Bxg2 19. Kxg2 Qxc4 20. Rf4 Rg8 21. Rg4 Qe2+ 22. Kg1 Re4 23. h3 Rxg4+ 24. hxg4 h6 25. Bxf6 Qe3+ 26. Kf1 Bxf6 27. Qxf7 Qd3+ 28. Kf2 Bh4+ 29. Kg1 Rxg4+ 30. Kh2 Qg3+ 0-1

[Event "Belgrade-ch sf"]
[Site "Belgrade"]
[Date "2017.01.29"]
[Round "7"]
[White "Gajcin, Sinisa"]
[Black "Djordjevic, Nevena"]
[Result "1-0"]
[WhiteElo "1754"]
[BlackElo "1445"]
[PlyCount "107"]
[EventDate "2017.01.23"]
[EventType "swiss"]
[EventRounds "7"]
[EventCountry "SRB"]
[SourceTitle "CBM 176 Extra"]
[Source "ChessBase"]
[SourceDate "2017.03.02"]
[SourceVersion "1"]
[SourceVersionDate "2017.03.02"]
[SourceQuality "1"]

1. e4 c5 2. Nf3 e6 3. d3 Nc6 4. Be2 Qc7 5. Nc3 Nf6 6. 0-0 Be7 7. Re1 0-0 8. Bf1 d5 9. e5 Nd7 10. Bf4 a6 11. a4 Rb8 12. h4 b5 13. axb5 axb5 14. h5 Re8 15. h6 g6 16. d4 b4 17. Nb5 Qb6 18. Nd6 Bxd6 19. exd6 cxd4 20. b3 e5 21. Bc1 Bb7 22. Bb2 Qc5 23. Qd2 Qxd6 24. Re2 Re7 25. Qe1 Rbe8 26. Rd2 Qc5 27. Rc1 Qb6 28. Ra1 Nc5 29. Rdd1 Nd7 30. Ra2 Nc5 31. Rda1 Ne4 32. Rc1 Nc3 33. Bxc3 dxc3 34. Rd1 Qc5 35. Be2 f6 36. Nh2 Qd6 37. Rd3 Qe6 38. Rg3 Kh8 39. Bb5 Rd8 40. Ra1 Rf8 41. Rd1 Nd4 42. Bd3 Ba6 43. Bxa6 Qxa6 44. Rxd4 Qb5 45. Rd1 d4 46. Rgd3 Rfe8 47. Ra1 Qb6 48. Qe4 f5 49. Qd5 Qe6 50. Qxe6 Rxe6 51. Ra4 Rb8 52. g4 Rd6 53. Nf3 Rbd8 54. Rxb4 1-0

[Event "Belgrade-ch sf"]
[Site "Belgrade"]
[Date "2017.01.25"]
[Round "3"]
[White "Gajcin, Sinisa"]
[Black "Djurdjevic, Petar S"]
[Result "0-1"]
[WhiteElo "1754"]
[BlackElo "1958"]
[PlyCount "72"]
[EventDate "2017.01.23"]
[EventType "swiss"]
[EventRounds "7"]
[EventCountry "SRB"]
[SourceTitle "CBM 176 Extra"]
[Source "ChessBase"]
[SourceDate "2017.03.02"]
[SourceVersion "1"]
[SourceVersionDate "2017.03.02"]
[SourceQuality "1"]

1. e4 Nf6 2. e5 Nd5 3. Nf3 c5 4. c4 Nc7 5. Nc3 g6 6. d4 cxd4 7. Qxd4 Bg7 8. Qh4 h6 9. Be2 Nc6 10. Qg3 Ne6 11. 0-0 0-0 12. Rd1 b6 13. Rb1 Bb7 14. Nd5 Qb8 15. b3 Re8 16. Bb2 Ncd8 17. Nc3 Nc5 18. Nd5 Nce6 19. Nc3 Qc7 20. Rd2 Rc8 21. Nb5 Qb8 22. Rxd7 Bc6 23. Rd2 a6 24. Nbd4 Be4 25. Rbd1 Nc5 26. h4 h5 27. Qf4 Bb7 28. Qg3 Ne4 29. Qf4 Nxd2 30. Rxd2 e6 31. Ng5 Bxe5 32. Qe3 Bf4 33. Qc3 Bxd2 34. Qxd2 Qd6 35. Qe3 e5 36. Ndf3 Bxf3 0-1

[Event "Novi Sad Serbian op"]
[Site "Novi Sad"]
[Date "2016.11.07"]
[Round "3"]
[White "Hiebert, Kenji"]
[Black "Gajcin, Sinisa"]
[Result "1-0"]
[WhiteElo "1975"]
[BlackElo "1755"]
[PlyCount "55"]
[EventDate "2016.11.06"]
[EventType "swiss"]
[EventRounds "9"]
[EventCountry "SRB"]
[SourceTitle "CBM 175 Extra"]
[Source "ChessBase"]
[SourceDate "2016.12.12"]
[SourceVersion "1"]
[SourceVersionDate "2016.12.12"]
[SourceQuality "1"]

1. e4 d6 2. d4 Nf6 3. Nc3 g6 4. f4 Bg7 5. Nf3 c6 6. Bd3 b5 7. 0-0 b4 8. Ne2 Ba6 9. a3 Bxd3 10. Qxd3 bxa3 11. Rxa3 Nbd7 12. Bd2 d5 13. e5 Ne4 14. Rfa1 Qc7 15. Rb1 Nb8 16. Ra5 0-0 17. Qa3 a6 18. Bb4 Re8 19. Nc3 f5 20. Nxe4 fxe4 21. Nd2 Bf8 22. Nb3 c5 23. Nxc5 Nc6 24. Rxa6 Nxb4 25. Rxa8 Nxc2 26. Rxe8 Nxa3 27. Ne6 Kf7 28. Nxc7 1-0

[Event "SRB-ch sf"]
[Site "Belgrade"]
[Date "2016.03.26"]
[Round "6"]
[White "Gajcin, Sinisa"]
[Black "Milosevic, Milos"]
[Result "0-1"]
[WhiteElo "1854"]
[BlackElo "2087"]
[PlyCount "136"]
[EventDate "2016.03.21"]
[EventType "swiss"]
[EventRounds "9"]
[EventCountry "SRB"]
[SourceTitle "CBM 171 Extra"]
[Source "ChessBase"]
[SourceDate "2016.04.26"]
[SourceVersion "1"]
[SourceVersionDate "2016.04.26"]
[SourceQuality "1"]

1. e4 c5 2. Nf3 d6 3. c3 Nf6 4. Be2 Nbd7 5. Qa4 g6 6. 0-0 Bg7 7. Re1 0-0 8. Bf1 Nb6 9. Qd1 Bg4 10. h3 Bxf3 11. Qxf3 e5 12. d3 Ne8 13. g4 Qd7 14. Qg3 Nc7 15. f4 exf4 16. Bxf4 Rad8 17. Nd2 Ne6 18. Be3 Na4 19. Rab1 b5 20. Nf3 d5 21. e5 d4 22. cxd4 cxd4 23. Bd2 Rc8 24. Bb4 Rfd8 25. Bd6 Nac5 26. Rec1 Nb7 27. Bb4 Rxc1 28. Rxc1 Rc8 29. Qe1 Re8 30. Qg3 Qd5 31. b3 a5 32. Bd2 Nec5 33. Re1 a4 34. b4 Ne6 35. a3 Qa2 36. Rc1 Qxa3 37. Qe1 Qb3 38. Rb1 Qd5 39. Bg2 Qd7 40. Rc1 Ra8 41. Qe4 a3 42. Qe2 Ra4 43. Ne1 Nbd8 44. Nc2 a2 45. Na1 Bf8 46. Qe1 Ra3 47. Be4 Nc7 48. Nc2 Ra4 49. Ra1 Nde6 50. Qc1 Nd5 51. Qb2 Ndf4 52. Kh2 Bg7 53. Bxf4 Nxf4 54. Rxa2 Bxe5 55. Kh1 Rxa2 56. Qxa2 Nxh3 57. Bf3 Nf2+ 58. Kg2 Nxd3 59. Qa8+ Kg7 60. Qe4 Nf4+ 61. Kf1 Qd6 62. Qb7 d3 63. Ne3 Qxb4 64. Nd5 Qb1+ 65. Kf2 Qb2+ 66. Ke3 Qd4+ 67. Kd2 Qf2+ 68. Kc1 Qc2# 0-1

[Event "SRB-ch sf"]
[Site "Belgrade"]
[Date "2016.03.25"]
[Round "5"]
[White "Damjanovic, Vuk"]
[Black "Gajcin, Sinisa"]
[Result "0-1"]
[WhiteElo "1444"]
[BlackElo "1854"]
[PlyCount "99"]
[EventDate "2016.03.21"]
[EventType "swiss"]
[EventRounds "9"]
[EventCountry "SRB"]
[SourceTitle "CBM 171 Extra"]
[Source "ChessBase"]
[SourceDate "2016.04.26"]
[SourceVersion "1"]
[SourceVersionDate "2016.04.26"]
[SourceQuality "1"]

1. d4 Nf6 2. c4 g6 3. Nc3 d5 4. e3 Bg7 5. Nf3 0-0 6. h3 c5 7. dxc5 Qa5 8. Bd2 Qxc5 9. Qb3 Rd8 10. cxd5 Bf5 11. Bc4 Ne4 12. Rc1 Nxd2 13. Nxd2 Na6 14. g4 Bd7 15. Nde4 Qa5 16. 0-0 Rab8 17. Qa3 Qxa3 18. bxa3 b5 19. Bb3 Rbc8 20. Rc2 f5 21. d6+ e6 22. Ng5 Rxc3 23. Rxc3 Bxc3 24. Rc1 Bb2 25. Rc2 Bxa3 26. Nxe6 Bxe6 27. Bxe6+ Kf8 28. Rc8 Rxc8 29. Bxc8 Nb8 30. gxf5 Ke8 31. fxg6 hxg6 32. d7+ Kd8 33. Bb7 Kxd7 34. Be4 g5 35. f4 gxf4 36. exf4 Ke6 37. f5+ Ke5 38. Bc2 Nc6 39. Bd3 a6 40. Kf2 Nd4 41. Kg3 Nxf5+ 42. Kg4 Nh6+ 43. Kg5 Bc1+ 44. Kg6 Kd4 45. Bc2 Kc3 46. Bb3 a5 47. h4 a4 48. Be6 b4 49. h5 Kd4 50. Kf6 0-1